000 00685nam a2200229 i 4500
001 C2-0306577
003 PPAK
005 20180728092821.0
008 101201s2009 my |||| ||||| | may d
040 _aPPAK
_beng
_cPPAK
_erda
082 0 4 _a334
_223
090 0 0 _a334
_bMES
_dKK
245 0 0 _aMesyuarat agung tahunan ke 55
_bKoperasi Pegawai - Pegawai Kerajaan Negeri Kedah
264 1 _aAlor Setar, Kedah :
_bKoperasi Pegawai-pegawai Kerajaan Negeri Kedah ,
_c2009
300 _a126 pages ;
_c26 cm
336 _2rdacontent
_atext
337 _2rdamedia
_aunmediated
338 _2rdacarrier
_avolume
500 _aPenyata
650 1 0 _aCooperative societies
942 _ddc
_cB
999 _c109466
_d109466